Física universitaria con física moderna, Volumen 1 (Registro nro. 8829)
[ vista simple ]
| 000 -Cabecera | |
|---|---|
| Campo de control de longitud fija | 01021ntm a22004097a 4500 |
| 005 - Fecha y hora de la última transacción | |
| Campo de control | 20251128165845.0 |
| 008 - Elementos de longitud fija--Información general | |
| Campo de control de longitud fija | 160121b2009 xxu||||| |||| 00| 0 spa d |
| 020 ## - International Standard Book Number | |
| Número Internacional Estándar del Libro (ISBN) | 9786044422887 |
| 041 ## - Idioma | |
| Código de idioma | Español |
| 082 ## - Clasificación Decimal Dewey | |
| Número de clasificación | 530 Y68f12 |
| 100 ## - Entrada principal--Autor personal | |
| Nombre personal | Young, Hung, D |
| 9 (RLIN) | 1951 |
| 100 ## - Entrada principal--Autor personal | |
| Nombre personal | Freedman, Roger A |
| 9 (RLIN) | 1952 |
| 245 ## - Título propiamente dicho | |
| Título | Física universitaria con física moderna, Volumen 1 |
| 250 ## - Edición | |
| Mención de edición | 12 edición |
| 260 ## - Pie de imprenta | |
| Lugar de publicación, distribución, etc. | México |
| 260 ## - Pie de imprenta | |
| Nombre del editor, distribuidor, etc. | Pearson Educación |
| 260 ## - Pie de imprenta | |
| Fecha de publicación, distribución, etc. | 2009 |
| 300 ## - Descripción física | |
| Extensión | 710 páginas |
| 490 ## - Serie | |
| Título de la Serie | Gestión de Calidad |
| 490 ## - Serie | |
| Título de la Serie | Electrónica |
| 490 ## - Serie | |
| Título de la Serie | Mecánica Dental |
| 650 ## - Materia general | |
| Temática (materia general) | FÍSICA |
| 650 ## - Materia general | |
| Temática (materia general) | VECTORES |
| 650 ## - Materia general | |
| Temática (materia general) | MOVIMIENTO RECTILÍNEO |
| 650 ## - Materia general | |
| Temática (materia general) | LEYES DE NEWTON |
| 650 ## - Materia general | |
| Temática (materia general) | ENERGÍA CINETICA |
| 650 ## - Materia general | |
| Temática (materia general) | ENERGÍA POTENCIAL |
| 650 ## - Materia general | |
| Temática (materia general) | CUERPOS RÍGIDOS |
| 650 ## - Materia general | |
| Temática (materia general) | EQUILIBRIO |
| 650 ## - Materia general | |
| Temática (materia general) | MECÁNICA DE FLUIDOS |
| 650 ## - Materia general | |
| Temática (materia general) | TERMODINÁMICA |
| 650 ## - Materia general | |
| Temática (materia general) | LEY DE HOOKE |
| 942 ## - Punto de acceso adicional KOHA | |
| Tipo de ítem KOHA | Libro |
| Fuente del sistema de clasificación o colocación | Dewey Decimal Classification |
| Signatura completa | Código de barras | Programa Académico | Tipo de ítem |
|---|---|---|---|
| 530 Y68f12 | 17232 | Libro | |
| 530 Y68f12 | 17574 | Libro | |
| 530 Y68f12 | 17575 | Libro | |
| 530 Y68f12 | 17573 | Libro |